Avengers by Death - Statistics

General Stats
  • This quiz has been taken 69 times
  • The average score is 7 of 8
Answer Stats
Death Avenger % Correct
Shot several times in the torso by Ultron Pietro Maximoff
100%
Used the infinity stones to kill Thanos and his army Tony Stark
93%
Sacrificed them self for the Soul Stone Natasha Romanoff
91%
Turned to dust in their mentor's arms Peter Parker
89%
Infinity stone ripped out of head by Thanos to complete the infinity gauntlet Vision
89%
Turned to dust while holding their lover's body Wanda Maximoff
77%
Killed by their lover in an attempt to save the universe Vision
72%
Turned to dust in the forest of Wakanda Sam Wilson
60%
No matching quizzes found
Score Distribution
Percent of People with Each Score
Percentile by Number Answered
Your Score History
You have not taken this quiz